| Tag |
First Indicator |
Second Indicator |
Subfields |
| LEADER |
00000cam a2200000 a 4500 |
| 001 |
in00000080309 |
| 005 |
20151008060921.0 |
| 008 |
800214s1979 stkabf b 00110 engm |
| 010 |
|
|
|a 80458444
|
| 015 |
|
|
|a GB***
|
| 020 |
|
|
|a 0852243790
|
| 035 |
|
|
|a (OCoLC)06093131
|
| 035 |
|
|
|9 AAJ6884AM
|
| 040 |
|
|
|a DLC
|c DLC
|d TXA
|d UtOrBLW
|
| 043 |
|
|
|a e-uk-en
|
| 049 |
|
|
|a TXAM
|
| 050 |
0 |
0 |
|a DA142
|b .G68 1979
|
| 082 |
0 |
|
|a 942.3/19
|
| 110 |
2 |
|
|a Royal Commission on Historical Monuments (England)
|
| 245 |
1 |
0 |
|a Stonehenge and its environs :
|b monuments and land use /
|c Royal Commission on Historical Monuments, England.
|
| 264 |
|
1 |
|a Edinburgh :
|b University Press,
|c 1979.
|
| 300 |
|
|
|a xxiv, 37 pages, 4 unnumbered pages of plates :
|b illustrations, maps ;
|c 28 cm.
|
| 336 |
|
|
|a text
|b txt
|2 rdacontent
|
| 337 |
|
|
|a unmediated
|b n
|2 rdamedia
|
| 338 |
|
|
|a volume
|b nc
|2 rdacarrier
|
| 500 |
|
|
|a Folded maps in pocket.
|
| 500 |
|
|
|a Includes index.
|
| 504 |
|
|
|a Bibliography: pages 34-35.
|
| 651 |
|
0 |
|a Stonehenge (England)
|
| 650 |
|
0 |
|a Monuments
|z England
|z Salisbury Plain.
|
| 650 |
|
0 |
|a Excavations (Archaeology)
|z England
|z Salisbury Plain.
|
| 650 |
|
0 |
|a Land use
|z England
|z Salisbury Plain.
|
| 999 |
|
|
|a MARS
|
| 999 |
f |
f |
|s dbdd0f9c-c9e6-3067-9d83-eca4d46603d2
|i 9b713018-facc-3fc0-906d-4120929037c2
|t 0
|
| 952 |
f |
f |
|p ric
|a Texas A&M University
|b Rellis Campus
|c Joint Library Facility
|d Remote Storage
|t 0
|e DA142 .G68 1979
|h Library of Congress classification
|i unmediated -- volume
|m A14816000659
|
| 998 |
f |
f |
|a DA142 .G68 1979
|t 0
|l Remote Storage
|